Manuel des maladies de la nutrition / (Record no. 48432)

MARC details
000 -LEADER
campo de control de longitud fija 00732nam a2200217 i 4500
001 - NÚMERO DE CONTROL
campo de control 48432
003 - IDENTIFICADOR DE NÚMERO DE CONTROL
campo de control ES-MaACL
005 - FECHA Y HORA DE LA ÚLTIMA TRANSACCIÓN
campo de control 20250624192930.0
007 - CAMPO FIJO DE DESCRIPCIÓN FÍSICA--INFORMACIÓN GENERAL
campo de control de longitud fija t|
008 - DATOS DE LONGITUD FIJA--INFORMACIÓN GENERAL
campo de control de longitud fija 030820s1912 fr ||||1| fre d
245 00 - MENCIÓN DEL TÍTULO
Título Manuel des maladies de la nutrition /
Mención de responsabilidad, etc. sous la direction de G. M. Debove, Ch. Achard, J. Castaigne ; par L. Babonneix... [et al.].
260 ## - PUBLICACIÓN, DISTRIBUCIÓN, ETC.
Lugar de publicación, distribución, etc. Paris :
Nombre del editor, distribuidor, etc. Masson,
Fecha de publicación, distribución, etc. 1912.
300 ## - DESCRIPCIÓN FÍSICA
Extensión 1082 p. :
Otras características físicas il. ;
Dimensiones 23 cm.
650 04 - PUNTO DE ACCESO ADICIONAL DE MATERIA--TÉRMINO DE MATERIA
Término de materia o nombre geográfico como elemento de entrada Nutrición-
Subdivisión general Trastornos.
9 (RLIN) 15651
700 1# - ENTRADA AGREGADA--NOMBRE PERSONAL
Nombre de persona Debove, G. M.
9 (RLIN) 43128
700 1# - ENTRADA AGREGADA--NOMBRE PERSONAL
Nombre de persona Achard, Charles,
Fechas asociadas al nombre 1860-1944
9 (RLIN) 155057
700 1# - ENTRADA AGREGADA--NOMBRE PERSONAL
Nombre de persona Castaigne, J.
9 (RLIN) 36381
700 1# - ENTRADA AGREGADA--NOMBRE PERSONAL
Nombre de persona Babonneix, Léon,
Fechas asociadas al nombre 1876-1942
9 (RLIN) 151847
852 ## - LOCALIZACIÓN
Ubicación ES-MaACL
Número de control de estantería B-10871
Holdings
Estatus retirado Estado de pérdida Estado de daño No para préstamo Biblioteca de origen Biblioteca actual Ubicación en estantería Fecha de adquisición Fuente de adquisición Total de préstamos Signatura topográfica completa Código de barras Visto por última vez Precio de reemplazo Tipo de ítem Koha
        Biblioteca del Ateneo de Madrid Biblioteca del Ateneo de Madrid Sala Pardo Bazán 17/01/2008     B-10871 1050968 23/02/2023 23/02/2023 Libro impreso